000 01033cab a2200301 4500
001 ABS59071
008 090401t1998 xxu||||| |||| 00| 0 eng d
035 _a(Sirsi) u87645
041 _aeng
100 _aWatson, S.
245 _aKeep the Grim Reaper off your farm
260 _c1998
350 _a0
490 _aCSM (Chartered Surveyor Monthly)
_vJuly/August 1998, 48(1)
520 _aOutlines the health and safety duties of landlords and tenants of agricultural holdings. Considers the principal legislation and the enforcement responsibility of the Health and Safety Executive.
650 _aPROPERTY-LANDLORD AND TENANT-TENANCIES-AGRICULTURAL TENANCIES
650 _aEQUIPMENT
650 _aHEALTH AND SAFETY AT WORK ETC ACT 1974
650 _aHEALTH AND SAFETY
_96244
650 _aHSE
650 _aInsurance
_96249
650 _aNON-DOMESTIC PREMISES
650 _aNOTICES
650 _aSITE INSPECTIONS
690 _aLANDLORD AND TENANT-AGRICULTURAL TENANCIES
942 _n0
948 _c24/07/1998
999 _c55296
_d55296